00338 a2200109 4500001001000000005001700010008004100027245004400068100002500112773007400137999001700211ART_1067920260410161831.0260409a 10aEl sistema bancario argentino 1990-20011 aFrediani, Ramón O.0 tActualidad Económicag- Año XII, Nº 53 (ago./dic. 2002)wREV5083 c23198d23198